| 000 | 00482nam a22001697a 4500 | ||
|---|---|---|---|
| 003 | OSt | ||
| 005 | 20140310182443.0 | ||
| 008 | 130227t xxu||||| |||| 00| 0 eng d | ||
| 020 | _a9715844170 | ||
| 050 |
_aRS 164 _b.R937 2005 |
||
| 100 |
_aRummel, Dietmar J. _98091 |
||
| 245 |
_aUseful plants of the Philippines / _cRummel, Dietmar J. |
||
| 260 |
_aQuezon City: _bC & E Publishing, _cc2005. |
||
| 300 |
_a505 p. : _c25 cm. _bill. ; |
||
| 942 |
_2lcc _cBK-FIL _kFIL |
||
| 999 |
_c13556 _d13556 |
||